Statistics for OutKast Discography

Click here to take the quiz!

General Stats

  • This quiz has been taken 59 times
  • The average score is 5 of 8

Answer Stats

YearNameType% Correct
2003Speakerboxxx/The Love BelowAlbum
94%
1998AqueminiAlbum
93%
1996ATLiensAlbum
89%
2000StankoniaAlbum
89%
1994SouthernplayalisticadillacmuzikAlbum
69%
2006IdlewildAlbum
57%
2001Big Boi and Dre Present...OutkastCompilation
11%
2003The VideosVideo Album
9%

Score Distribution

Percentile by Number Answered

Percent of People with Each Score

Your Score History

You have not taken this quiz